| 000 | 00894nam a2200277 a 4500 | ||
|---|---|---|---|
| 001 | 000014261 | ||
| 005 | 20200929163538.0 | ||
| 008 | 091208s2000 sp 000 f spa d | ||
| 020 | _a8495501163 | ||
| 040 |
_aDO-SdBNP _bspa _cBNPHU |
||
| 041 | 1 | 7 |
_aspa _heng _2Código de idioma MARC |
| 082 |
_a813.5 _bC821c |
||
| 100 | 1 |
_aCornwell, Patricia Daniels, _d1956- _932199 |
|
| 240 | 1 | 0 |
_aCause of death. _lEspañol |
| 245 | 1 | 0 |
_aCausa de muete / _cPatricia Cornwell ; traducción de Hernán Sabaté. |
| 260 |
_a[Madrid] : _bSuma de Letras, _c2000. |
||
| 300 |
_a414 p. ; _c18 cm. |
||
| 490 | 1 |
_aPunto de lectura _v17/1 |
|
| 534 |
_pTítulo original en inglés: _tCause of death |
||
| 650 | 4 |
_aNovela estadounidense _9262 |
|
| 650 | 4 |
_aLiteratura estadounidense _9263 |
|
| 700 | 1 |
_aSabaté, Hernán, _etr. _932200 |
|
| 830 | 0 |
_aPunto de lectura ; _v17/1 _93047 |
|
| 910 | _aWM | ||
| 049 | _aBNGR | ||
| 999 |
_c13857 _d13857 |
||